000 00417nam a2200121Ia 4500
008 230907s9999||||xx |||||||||||||| ||und||
082 _a621.312132
_bGEL
100 _aGellings, Clark W.
_9114545
245 0 _aSaving energy and reducing CO2 emissions with electricity /
260 _aFairmont Press ; | Distributed by Taylor & Francis,
_bLilburn, GA : | Boca Raton, FL :
_c2011
300 _aix, 291 p. :
942 _cBK
999 _c599582
_d599582